00598nam a2200109Ia 4500008004100000245002000041300027500061650001600336856004500352999001900397952007200416170517s9999 xx 000 0 und d 4aThe Age of AIDS aOn the 25th anniversary of the first diagnosed cases of AIDS, FRONTLINE examines one of the worst pandemics the world has ever known in The Age of AIDS. After a quarter century of political denial and social stigma, of stunning scientific breakthroughs, bitter policy... xTechnology. uhttp://topdocumentaryfilms.com/age-aids/ c335096d335096 001040aCLbCLd2017-05-17l0r2017-05-17 00:00:00w2017-05-17yDF